000 00297nam a22001337a 4500
008 210428b ||||| |||| 00| 0 eng d
041 _aeng
080 _a311
082 _a311
100 _a53
101 _aSTA
245 _aStatistics Methods and Applications
_cGriffin,J.I
942 _2udc
_cBK
999 _c56911
_d56911